000 00509nam a22001937a 4500
005 20251108174859.0
008 250721s1993 xx 000 0 ara d
020 _a721416950
082 1 4 _aJ/F/ENO
100 1 _aSTENSON، PETER
_eAuth.
245 1 4 _aTHE ENORMOUS TURNIP /
264 1 _aLONDON :
_bLADY BIRD،
_c1993.
490 0 _aFAVOURITES TALES
650 1 7 _aCHILDREN
650 1 7 _aFICTION
653 _aاطفال مرحلة متوسطة (6-9) سنوات
942 _2ddc
_cBK
999 _c120486
_d120486